Sistemas biortogonales que surgen del estudio de problemas inversos /

Guardado en:
Otros Autores: Castro, Liliana Raquel. (Disertante), Panzone, Rafael. (Orientador)
Formato: Manuscrito
Idioma:Spanish
Publicado: 1982.
Etiquetas: Agregar Etiqueta
Sin Etiquetas, Sea el primero en etiquetar este registro!
LEADER 00715ntm a22001935a 4500
001 MAT.inmabb006766
008 121211s1982####xx#######bm###000#0#spa#d
005 20121211171649.0
245 1 0 |a Sistemas biortogonales que surgen del estudio de problemas inversos /  |c Liliana Raquel Castro. 
260 |c 1982. 
300 |a v, 116, [68] h. ;  |c 34 cm. 
502 |a Tesis (Magister)--Universidad Nacional del Sur, 1982. 
500 |a Director de tesis: Rafael Panzone. 
504 |a Incluye referencias bibliográficas (h. [117-184]). 
100 1 |a Castro, Liliana Raquel.  |4 dis 
700 1 |a Panzone, Rafael.  |4 ths 
710 2 |a Universidad Nacional del Sur.  |4 dgg 
084 |a 34Bxx  |2 msc2000 
859 |h 34  |i C355  |p A-5482  |b BIB. MATEMATICA